000 00766cab a2200241 4500
001 WB3216-24
008 090401t1996 xxu||||| |||| 00| 0 eng d
035 _a(Sirsi) u73929
041 _aeng
245 _aAffordable rented housing scheme
260 _c1996
350 _a0
490 _aProperty Week
_v55(4) 25 April 1996, 8(1)
520 _aThe Joseph Rowntree Foundaiton and Dutch bank ING Barings are planning a private finance scheme to boost the supply of high-quality affordable rented housing in inner cities.
650 _aING BARINGS
650 _aJOSEPH ROWNTREE FOUNDATION
650 _aPRIVATE FINANCE
650 _aPRIVATE RENTED SECTOR
650 _aRENTED HOUSING
690 _aHOUSING-FINANCE
942 _n0
948 _c04/03/1997
999 _c46660
_d46660